[Event "Asia-ch"]
[Site "Al Ain"]
[Date "2025.05.15"]
[Round "9"]
[White "Tenezaca, Cristian"]
[Black "Dahal, Sushrut"]
[Result "0-1"]
[WhiteElo "1942"]
[BlackElo "2056"]
[PlyCount "116"]
[EventDate "2025.05.07"]
[EventType "swiss"]
[EventRounds "9"]
[EventCountry "UAE"]
[SourceTitle "CB21_2025"]
[SourceDate "2025.05.21"]
[SourceVersion "1"]
[SourceVersionDate "2025.05.21"]
[SourceQuality "1"]

1. e4 c5 2. Nf3 e6 3. c3 Nf6 4. e5 Nd5 5. d4 cxd4 6. cxd4 b6 7. Bd3 Bb7 8. 0-0 d6 9. Qe2 Nd7 10. Nc3 Nxc3 11. bxc3 Be7 12. Re1 Rc8 13. Bd2 0-0 14. exd6 Bxd6 15. Ng5 Nf6 16. f3 Qc7 17. g3 Rfe8 18. Ne4 Be7 19. Bf4 Qd7 20. Rac1 Red8 21. Kg2 Nd5 22. Bd2 h6 23. Nf2 Nf6 24. Ne4 Bd5 25. Ba6 Ra8 26. Bb5 Bc6 27. Bd3 b5 28. Red1 a6 29. Bb1 Nd5 30. Qd3 f5 31. Nf2 Nf6 32. Qe2 Ba3 33. Nd3 Bd5 34. Ne5 Qb7 35. Rc2 Rac8 36. Rf1 Nd7 37. Nd3 Bc4 38. Bc1 Bd6 39. Rd2 Nb6 40. Rdd1 Bd5 41. Bd2 Na4 42. Rc1 Bc4 43. Qe3 Ba3 44. Rcd1 Re8 45. Nf4 Bxf1+ 46. Rxf1 Nb6 47. Qd3 Nc4 48. Re1 Qd7 49. Nh5 Nxd2 50. Qxd2 Qc6 51. Re3 b4 52. Bc2 bxc3 53. Qe1 Kh8 54. Nf4 Bd6 55. Nxe6 Qb5 56. Qd1 Qd5 57. Bb3 c2 58. Bxc2 Qxa2 0-1

[Event "Asia-ch"]
[Site "Al Ain"]
[Date "2025.05.14"]
[Round "8"]
[White "Dahal, Sushrut"]
[Black "Hsu, Hsuan Ming"]
[Result "0-1"]
[WhiteElo "2056"]
[BlackElo "1975"]
[PlyCount "106"]
[EventDate "2025.05.07"]
[EventType "swiss"]
[EventRounds "9"]
[EventCountry "UAE"]
[SourceTitle "CB21_2025"]
[SourceDate "2025.05.21"]
[SourceVersion "1"]
[SourceVersionDate "2025.05.21"]
[SourceQuality "1"]

1. d4 Nf6 2. Nc3 d5 3. Bf4 g6 4. Nb5 Na6 5. e3 Bg7 6. Nc3 0-0 7. Bxa6 bxa6 8. Be5 Bb7 9. Nge2 c5 10. 0-0 cxd4 11. exd4 Nd7 12. Bxg7 Kxg7 13. Re1 e6 14. a4 Rb8 15. Nf4 Qf6 16. Qg4 Qf5 17. Qxf5 gxf5 18. Nd3 a5 19. Nd1 Rfc8 20. c3 Ba6 21. Re3 Bxd3 22. Rxd3 Rb3 23. Kf1 Nb6 24. Rd2 Rc4 25. Ke2 Rxa4 26. Rxa4 Nxa4 27. Kd3 Nb6 28. Kc2 a4 29. Rd3 Nc4 30. Rg3+ Kh8 31. f4 a5 32. Rf3 Rb8 33. Rf2 Kg7 34. Re2 Kg6 35. Kc1 a3 36. bxa3 Rb3 37. Ra2 a4 38. Kc2 Rxa3 39. Kb1 Rxa2 40. Kxa2 Kh5 41. Nf2 Ne3 42. g3 Nf1 43. Nd3 Nxh2 44. Ne5 f6 45. Nd7 Kg6 46. Ka3 Nf1 47. Nc5 Kf7 48. Kxa4 Nxg3 49. Nd3 Ne4 50. Kb4 h5 51. c4 dxc4 52. Kxc4 h4 53. Ne1 h3 0-1

[Event "Asia-ch"]
[Site "Al Ain"]
[Date "2025.05.13"]
[Round "7"]
[White "Rashid Husain, Alhammadi"]
[Black "Dahal, Sushrut"]
[Result "1-0"]
[WhiteElo "1853"]
[BlackElo "2056"]
[PlyCount "65"]
[EventDate "2025.05.07"]
[EventType "swiss"]
[EventRounds "9"]
[EventCountry "UAE"]
[SourceTitle "CB21_2025"]
[SourceDate "2025.05.21"]
[SourceVersion "1"]
[SourceVersionDate "2025.05.21"]
[SourceQuality "1"]

1. e4 c5 2. Nf3 e6 3. d4 cxd4 4. Nxd4 Nc6 5. Nc3 Qc7 6. Be3 a6 7. Qf3 Nf6 8. 0-0-0 Ne5 9. Qg3 d6 10. f4 Neg4 11. Be2 Nxe3 12. Qxe3 Be7 13. Bf3 0-0 14. g4 Ne8 15. Kb1 Bd7 16. h4 Rc8 17. g5 b5 18. Qd2 b4 19. Nce2 a5 20. h5 Qc5 21. Bg4 Nc7 22. f5 a4 23. Rdf1 e5 24. f6 Bxg4 25. fxe7 Rfe8 26. g6 fxg6 27. hxg6 hxg6 28. Qg5 Bxe2 29. Qxg6 Bxf1 30. Qh7+ Kf7 31. Rxf1+ Kxe7 32. Qh4+ Kd7 33. Rf7+ 1-0

[Event "Asia-ch Blitz"]
[Site "Al Ain"]
[Date "2025.05.10"]
[Round "3"]
[White "Dahal, Sushrut"]
[Black "Srihari, LR."]
[Result "0-1"]
[WhiteElo "2056"]
[BlackElo "2468"]
[PlyCount "58"]
[EventDate "2025.05.10"]
[EventType "swiss (blitz)"]
[EventRounds "9"]
[EventCountry "UAE"]
[SourceTitle "CB20_2025"]
[SourceDate "2025.05.14"]
[SourceVersion "1"]
[SourceVersionDate "2025.05.14"]
[SourceQuality "1"]

1. d4 e6 2. Nc3 d5 3. Bf4 Bd6 4. Qd2 Nf6 5. f3 Nc6 6. g4 Bxf4 7. Qxf4 Qd6 8. Qd2 h6 9. e3 a6 10. a3 e5 11. 0-0-0 Be6 12. h3 0-0-0 13. Nge2 Kb8 14. Na4 Bc8 15. Bg2 Rhe8 16. Rhf1 b6 17. Kb1 Bb7 18. Ka2 Re7 19. Ng3 g6 20. Ne2 Rde8 21. Nc1 h5 22. Nb3 exd4 23. Nxd4 Rxe3 24. g5 Nd7 25. Nc3 Nxd4 26. Qxd4 c5 27. Qg7 d4 28. Ne4 Qe5 29. Qxf7 Bd5+ 0-1

[Event "Asia-ch"]
[Site "Al Ain"]
[Date "2025.05.08"]
[Round "2"]
[White "Dahal, Sushrut"]
[Black "Nurgaliyev, Sauat"]
[Result "1/2-1/2"]
[WhiteElo "2056"]
[BlackElo "2407"]
[PlyCount "89"]
[EventDate "2025.05.07"]
[EventType "swiss"]
[EventRounds "9"]
[EventCountry "UAE"]
[SourceTitle "CB21_2025"]
[SourceDate "2025.05.21"]
[SourceVersion "1"]
[SourceVersionDate "2025.05.21"]
[SourceQuality "1"]

1. d4 Nf6 2. Nc3 d5 3. Bf4 g6 4. Nb5 Na6 5. e3 c6 6. Nc3 Qb6 7. Rb1 Bg7 8. h3 Bf5 9. g4 Be6 10. Bg2 h5 11. g5 Ne4 12. Nge2 Nd6 13. 0-0 Qd8 14. b4 0-0 15. Ng3 Nc7 16. h4 Ncb5 17. Nxb5 cxb5 18. Bxd6 Qxd6 19. Qd3 a6 20. c3 Rac8 21. Rbc1 Rc4 22. Rfe1 Rfc8 23. Qd2 Bg4 24. Bf1 R4c7 25. f4 Qb6 26. Bg2 e6 27. Kh2 f5 28. Nh1 Rc6 29. Rc2 Qc7 30. Rec1 Bf8 31. a3 a5 32. Bf1 axb4 33. axb4 Bxb4 34. Bxb5 Rxc3 35. Rxc3 Bxc3 36. Qd3 Kf7 37. Kg2 Qa5 38. Nf2 Rc7 39. Qb1 Ke7 40. Bf1 Kd8 41. Nd3 Be1 42. Rxe1 Qd2+ 43. Kg1 Rc2 44. Qb6+ Kc8 45. Qxe6+ 1/2-1/2

[Event "Titled Tuesday intern op 27th Aug Early"]
[Site "Chess.com INT"]
[Date "2024.08.27"]
[Round "5"]
[White "Dahal, Sushrut"]
[Black "Brunner, Nicolas"]
[Result "1-0"]
[WhiteElo "2005"]
[BlackElo "2424"]
[PlyCount "101"]
[EventDate "2024.08.27"]
[EventType "swiss (blitz)"]
[EventRounds "11"]
[EventCountry "USA"]
[SourceTitle "EXT 2025"]
[Source "ChessBase"]
[SourceDate "2024.10.14"]
[SourceVersion "1"]
[SourceVersionDate "2024.10.14"]
[SourceQuality "1"]

1. d4 d5 2. Nc3 Nf6 3. Bf4 a6 4. e3 b5 5. g4 h6 6. h3 g5 7. Bg3 Bg7 8. Nf3 Nbd7 9. Bg2 Bb7 10. 0-0 c5 11. Ne5 b4 12. Na4 cxd4 13. exd4 0-0 14. Rc1 Rc8 15. Re1 Qa5 16. c4 bxc3 17. Nxc3 Rfd8 18. Qb3 Ba8 19. Qa4 Qxa4 20. Nxa4 Nxe5 21. dxe5 Nd7 22. Rxc8 Rxc8 23. e6 fxe6 24. Rxe6 a5 25. Rxe7 Rc1+ 26. Kh2 Bc6 27. b3 Kf8 28. Bd6 Kg8 29. Re6 Rc2 30. Bg3 Bxa4 31. bxa4 Nf6 32. Ra6 Rxa2 33. Rxa5 d4 34. Ra8+ Kf7 35. a5 d3 36. Bf3 d2 37. a6 Ne4 38. Rd8 Nc3 39. Rd3 Bf6 40. a7 Rxa7 41. Rxd2 Ra1 42. Rd7+ Ke6 43. Rc7 Ra2 44. Rc6+ Ke7 45. Kg2 Ra3 46. Rc7+ Ke6 47. Rh7 Nd5 48. Rxh6 Nf4+ 49. Bxf4 gxf4 50. g5 Ke5 51. Rxf6 1-0

[Event "Titled Tuesday intern op 27th Aug Early"]
[Site "Chess.com INT"]
[Date "2024.08.27"]
[Round "2"]
[White "Dahal, Sushrut"]
[Black "Roubalik, Jakub"]
[Result "0-1"]
[WhiteElo "2005"]
[BlackElo "2315"]
[PlyCount "190"]
[EventDate "2024.08.27"]
[EventType "swiss (blitz)"]
[EventRounds "11"]
[EventCountry "USA"]
[SourceTitle "EXT 2025"]
[Source "ChessBase"]
[SourceDate "2024.10.14"]
[SourceVersion "1"]
[SourceVersionDate "2024.10.14"]
[SourceQuality "1"]

1. d4 Nf6 2. Nc3 e6 3. Bf4 b6 4. e4 Bb7 5. Nf3 Nxe4 6. Bd3 Nxc3 7. bxc3 d6 8. Qe2 Nd7 9. 0-0 Be7 10. h4 Nf6 11. c4 0-0 12. Rfe1 Re8 13. Rad1 Qd7 14. c3 Rad8 15. Bc2 Qc8 16. Qd3 Qa8 17. Bg5 g6 18. Bxf6 Bxf6 19. h5 e5 20. d5 Bc8 21. hxg6 hxg6 22. Nd2 Bg7 23. Qf3 Bd7 24. Ne4 Bf5 25. g4 Bxe4 26. Bxe4 Qc8 27. Kg2 Qd7 28. Rh1 Qe7 29. Rh3 Qg5 30. Rdh1 Qf4 31. Rh7 Qxf3+ 32. Kxf3 a6 33. a4 Rb8 34. Bd3 Rf8 35. g5 Rfe8 36. Ke4 Rec8 37. R7h3 c6 38. dxc6 Rxc6 39. Rb1 Rbc8 40. Re3 Bf8 41. Re2 Be7 42. Reb2 Bd8 43. f3 Rc5 44. Rg1 Kg7 45. Ke3 Bc7 46. Ke2 Rh8 47. Rg2 Rh5 48. Kd2 Bd8 49. Be2 Rxg5 50. Rxg5 Bxg5+ 51. Kd3 Bd8 52. Ke3 f5 53. f4 Kf6 54. fxe5+ Rxe5+ 55. Kd3 g5 56. Bf3 g4 57. Bd5 Kg5 58. Rh2 f4 59. Rh8 Bf6 60. Rg8+ Kh4 61. Bc6 f3 62. Bd7 Bg5 63. Rh8+ Kg3 64. Rg8 f2 65. Rf8 Re1 66. Bc6 f1Q+ 67. Rxf1 Rxf1 68. Ke4 Rf4+ 69. Kd5 Bf6 70. Kxd6 Bxc3 71. Kc7 Bd4 72. Kb7 Bc5 73. Kxa6 Rxc4 74. Kb5 Rb4+ 75. Ka6 Rb2 76. Kb7 Kf4 77. Kc7 g3 78. Ba8 g2 79. Bxg2 Rxg2 80. Kc6 Ra2 81. Kb5 Ke5 82. a5 Rxa5+ 83. Kc6 Ra1 84. Kb5 Kd4 85. Kc6 Kc4 86. Kd7 b5 87. Kc6 Ra6+ 88. Kb7 Rf6 89. Kc7 b4 90. Kb7 b3 91. Kc7 b2 92. Kb7 b1Q+ 93. Ka8 Qe4+ 94. Kb8 Qe7 95. Kc8 Rf8# 0-1

[Event "Titled Tuesday intern op 13th Aug Early"]
[Site "Chess.com INT"]
[Date "2024.08.13"]
[Round "1"]
[White "Dahal, Sushrut"]
[Black "Kuhn, Clement"]
[Result "1-0"]
[WhiteElo "2005"]
[BlackElo "2344"]
[PlyCount "89"]
[EventDate "2024.08.13"]
[EventType "swiss (blitz)"]
[EventRounds "11"]
[EventCountry "USA"]
[SourceTitle "EXT 2025"]
[Source "ChessBase"]
[SourceDate "2024.10.14"]
[SourceVersion "1"]
[SourceVersionDate "2024.10.14"]
[SourceQuality "1"]

1. d4 Nf6 2. Nc3 d5 3. Bf4 g6 4. e3 Bg7 5. h4 c6 6. Be2 h5 7. Nf3 Bg4 8. Ne5 Bxe2 9. Qxe2 Nbd7 10. f3 Qb6 11. 0-0-0 a5 12. g4 a4 13. a3 e6 14. gxh5 Rxh5 15. e4 Qa5 16. exd5 Nxd5 17. Nxd5 cxd5 18. Nxd7 Kxd7 19. c3 Bf6 20. Bg3 Qa6 21. Qf2 Qc4 22. Rde1 b5 23. Be5 Be7 24. Kb1 Rf5 25. h5 gxh5 26. Reg1 Qd3+ 27. Ka1 Rxf3 28. Qg2 b4 29. cxb4 Bxb4 30. Rc1 Bd6 31. Bxd6 Kxd6 32. Qh2+ Rg3 33. Rhg1 h4 34. Qxh4 Rxg1 35. Qf4+ Ke7 36. Qc7+ Ke8 37. Qc6+ Ke7 38. Qc7+ Kf8 39. Qd6+ Ke8 40. Rxg1 Qh7 41. Qc6+ Ke7 42. Qxa8 Qd3 43. Qxa4 f5 44. Qa7+ Kf6 45. Qg7# 1-0

[Event "Titled Tuesday intern op 13th Aug Early"]
[Site "Chess.com INT"]
[Date "2024.08.13"]
[Round "11"]
[White "Dahal, Sushrut"]
[Black "Martic, Ivan"]
[Result "1/2-1/2"]
[WhiteElo "2005"]
[BlackElo "2257"]
[PlyCount "94"]
[EventDate "2024.08.13"]
[EventType "swiss (blitz)"]
[EventRounds "11"]
[EventCountry "USA"]
[SourceTitle "EXT 2025"]
[Source "ChessBase"]
[SourceDate "2024.10.14"]
[SourceVersion "1"]
[SourceVersionDate "2024.10.14"]
[SourceQuality "1"]

1. d4 Nf6 2. Nc3 d5 3. Bf4 c5 4. e4 Nxe4 5. Nxe4 dxe4 6. dxc5 Qxd1+ 7. Rxd1 Nc6 8. Bb5 Bd7 9. Ne2 f6 10. Bxc6 Bxc6 11. Be3 e5 12. b4 a5 13. a3 axb4 14. axb4 Be7 15. 0-0 0-0 16. Nc3 f5 17. Nd5 Bxd5 18. Rxd5 Bf6 19. Rd7 Rab8 20. Rfd1 Rfd8 21. Rxd8+ Rxd8 22. Rxd8+ Bxd8 23. c4 f4 24. Bd2 Kf7 25. Kf1 Ke6 26. Bc3 Bc7 27. Ke2 Kd7 28. b5 Bb8 29. h4 Ke6 30. g4 Bc7 31. f3 e3 32. Kd3 Bd8 33. h5 Be7 34. Bb4 b6 35. Ba3 Bxc5 36. Bxc5 bxc5 37. g5 Kd6 38. Ke2 h6 39. gxh6 gxh6 40. Kd3 Ke6 41. Ke2 Kd6 42. Kd3 Kc7 43. Ke2 Kb6 44. Kd3 Kb7 45. Ke2 Kb6 46. Kd3 Ka5 47. Ke2 Kb6 1/2-1/2

[Event "Titled Tuesday intern op 30th Jul Early"]
[Site "Chess.com INT"]
[Date "2024.07.30"]
[Round "3"]
[White "Bolat, Inayat"]
[Black "Dahal, Sushrut"]
[Result "1-0"]
[WhiteElo "2091"]
[BlackElo "2005"]
[PlyCount "71"]
[EventDate "2024.07.30"]
[EventType "swiss (blitz)"]
[EventRounds "11"]
[EventCountry "USA"]
[SourceTitle "EXT 2025"]
[Source "ChessBase"]
[SourceDate "2024.10.14"]
[SourceVersion "1"]
[SourceVersionDate "2024.10.14"]
[SourceQuality "1"]

1. e4 c5 2. Nf3 e6 3. d4 cxd4 4. Nxd4 a6 5. c4 Qc7 6. Nc3 Nf6 7. a3 b6 8. Bd3 Bb7 9. Qe2 d6 10. f4 Nbd7 11. 0-0 Be7 12. g4 Nc5 13. Bc2 h5 14. g5 Ng8 15. g6 fxg6 16. b4 e5 17. Nf3 Ne6 18. Nd5 Bxd5 19. exd5 Nxf4 20. Bxf4 exf4 21. Bxg6+ Kd8 22. Nd4 Kc8 23. Ne6 Qb7 24. Rac1 Bf6 25. c5 bxc5 26. bxc5 Qxd5 27. cxd6+ Kd7 28. Nc5+ Kxd6 29. Be4 Qg5+ 30. Kh1 Rd8 31. Nb7+ Ke7 32. Nxd8 Kxd8 33. Rfd1+ Ke7 34. Bf5+ Kf8 35. Rc8+ Bd8 36. Rcxd8+ 1-0

[Event "Titled Tuesday intern op 30th Jul Early"]
[Site "Chess.com INT"]
[Date "2024.07.30"]
[Round "4"]
[White "Dahal, Sushrut"]
[Black "Adam, Rafael"]
[Result "0-1"]
[WhiteElo "2005"]
[BlackElo "2161"]
[PlyCount "82"]
[EventDate "2024.07.30"]
[EventType "swiss (blitz)"]
[EventRounds "11"]
[EventCountry "USA"]
[SourceTitle "EXT 2025"]
[Source "ChessBase"]
[SourceDate "2024.10.14"]
[SourceVersion "1"]
[SourceVersionDate "2024.10.14"]
[SourceQuality "1"]

1. d4 Nf6 2. Nc3 d5 3. Bf4 e6 4. e3 Bd6 5. Qf3 Nbd7 6. 0-0-0 a6 7. g4 b5 8. g5 Ng8 9. Bxd6 cxd6 10. e4 dxe4 11. Nxe4 Qe7 12. Qg3 d5 13. Nd6+ Kf8 14. Re1 h6 15. g6 fxg6 16. Bh3 Ndf6 17. Nxc8 Rxc8 18. Rxe6 Qb7 19. Qxg6 Qc7 20. Nf3 Qf4+ 21. Kb1 Qxf3 22. Bg2 Qg4 23. Qxg4 Nxg4 24. Bxd5 N8f6 25. Bf3 Nxf2 26. Rf1 Nh3 27. Rxa6 Ng5 28. Bg2 Kf7 29. h4 Ne6 30. Bd5 Rhe8 31. Bb3 Re7 32. d5 Nc5 33. d6+ Nxb3 34. dxe7 Nd2+ 35. Kc1 Nxf1 36. Ra7 Ne3 37. c3 b4 38. Kd2 Nc4+ 39. Kc2 bxc3 40. bxc3 Nd6 41. Rd7 Nxd7 0-1

[Event "Titled Tuesday intern op 30th Jul Early"]
[Site "Chess.com INT"]
[Date "2024.07.30"]
[Round "6"]
[White "Dahal, Sushrut"]
[Black "Goldin, Roman"]
[Result "1-0"]
[WhiteElo "2005"]
[BlackElo "2288"]
[PlyCount "51"]
[EventDate "2024.07.30"]
[EventType "swiss (blitz)"]
[EventRounds "11"]
[EventCountry "USA"]
[SourceTitle "EXT 2025"]
[Source "ChessBase"]
[SourceDate "2024.10.14"]
[SourceVersion "1"]
[SourceVersionDate "2024.10.14"]
[SourceQuality "1"]

1. d4 Nf6 2. Nc3 d5 3. Bf4 a6 4. e3 e6 5. g4 c5 6. g5 Nfd7 7. Qf3 Nc6 8. 0-0-0 cxd4 9. exd4 Qa5 10. Bg2 Bb4 11. Nge2 Nb6 12. Bc7 Bd7 13. a3 Be7 14. h4 Rc8 15. Qg3 Bd8 16. Bxb6 Bxb6 17. h5 Bc7 18. Qe3 0-0 19. g6 h6 20. gxf7+ Rxf7 21. Bh3 Nd8 22. Rhg1 Kh8 23. Rg6 Qb6 24. Rxh6+ gxh6 25. Qxh6+ Rh7 26. Qf8# 1-0

[Event "Titled Tuesday intern op 30th Jul Late"]
[Site "Chess.com INT"]
[Date "2024.07.30"]
[Round "4"]
[White "Dahal, Sushrut"]
[Black "Kreken, Eivind Grunt"]
[Result "0-1"]
[WhiteElo "2005"]
[BlackElo "2303"]
[PlyCount "142"]
[EventDate "2024.07.30"]
[EventType "swiss (blitz)"]
[EventRounds "11"]
[EventCountry "USA"]
[SourceTitle "EXT 2025"]
[Source "ChessBase"]
[SourceDate "2024.10.14"]
[SourceVersion "1"]
[SourceVersionDate "2024.10.14"]
[SourceQuality "1"]

1. d4 Nf6 2. Nc3 d5 3. Bf4 c5 4. e3 cxd4 5. exd4 a6 6. Nf3 Nc6 7. Ne5 Bd7 8. Nxc6 Bxc6 9. Bd3 e6 10. 0-0 Bd6 11. Qf3 Bxf4 12. Qxf4 0-0 13. Rfe1 Qb8 14. Qh4 Qd8 15. Re3 Ne4 16. Qg4 f5 17. Qe2 Qf6 18. f3 f4 19. Rxe4 dxe4 20. Bxe4 Qxd4+ 21. Qf2 Qxf2+ 22. Kxf2 Rad8 23. Ke2 Bxe4 24. Nxe4 Rd5 25. h4 h6 26. c3 Rh5 27. Rd1 Rxh4 28. Rd6 e5 29. Re6 Rh5 30. Nd6 Rg5 31. Kf2 Rd8 32. Ne4 Rf5 33. Re7 Rf7 34. Rxe5 Rfd7 35. Ke2 Rd1 36. Rf5 Rb1 37. Rxf4 Rxb2+ 38. Ke3 Rxg2 39. a4 Ra2 40. Rg4 Kh7 41. Nc5 b6 42. Nxa6 Ra8 43. Nb4 R8xa4 44. Kd4 Rf2 45. f4 h5 46. Rh4 Kh6 47. Kc4 g5 48. fxg5+ Kxg5 49. Rh1 Rf4+ 50. Kb3 Ra5 51. Nd3 Rg4 52. Rh3 h4 53. Nf2 Rg3 54. Rh2 Re5 55. Kc2 Ree3 56. Nd1 Ref3 57. Nf2 Rxc3+ 58. Kd2 Ra3 59. Ne4+ Kg4 60. Nxg3 Ra2+ 61. Ke3 Rxh2 62. Ne4 h3 63. Nf2+ Rxf2 64. Kxf2 b5 65. Kg1 b4 66. Kh2 b3 67. Kh1 b2 68. Kh2 Kh4 69. Kh1 b1Q+ 70. Kh2 Qc2+ 71. Kg1 Qg2# 0-1

[Event "Asian Cities-chT"]
[Site "Khanty-Mansiysk"]
[Date "2024.04.29"]
[Round "9.2"]
[White "Looi, Xin Hao"]
[Black "Dahal, Sushrut"]
[Result "1-0"]
[WhiteElo "2059"]
[BlackElo "1933"]
[PlyCount "101"]
[EventDate "2024.04.21"]
[EventType "team-swiss"]
[EventRounds "9"]
[EventCountry "RUS"]
[SourceTitle "CBM 219 Extra"]
[Source "ChessBase"]
[SourceDate "2024.05.31"]
[SourceVersion "1"]
[SourceVersionDate "2024.05.31"]
[SourceQuality "1"]
[WhiteTeam "Penang"]
[BlackTeam "Kathmandu"]
[WhiteTeamCountry "MAS"]
[BlackTeamCountry "NEP"]

1. d4 d5 2. Nc3 e6 3. e4 Nf6 4. Bg5 dxe4 5. Nxe4 Be7 6. Bxf6 gxf6 7. Nf3 b6 8. Bb5+ c6 9. Bd3 Bb7 10. Qe2 Qc7 11. 0-0-0 Nd7 12. Kb1 0-0-0 13. c4 Kb8 14. Nc3 Bb4 15. Ne4 Be7 16. a3 f5 17. Nc3 Bf6 18. Rhe1 Rhg8 19. g3 a6 20. Ne5 Bxe5 21. dxe5 Nf8 22. c5 b5 23. Bc2 Ng6 24. f4 Ne7 25. Rd6 Nc8 26. Na2 Nxd6 27. exd6 Qd7 28. Nb4 Rde8 29. Bb3 Bc8 30. Nc2 Qa7 31. Qe5 Bd7 32. Nd4 Ka8 33. Nf3 Rg6 34. Qc3 f6 35. Bd1 Rh6 36. b4 a5 37. Bb3 Kb7 38. Re2 Qa8 39. bxa5 Qa6 40. Qb4 Rg6 41. a4 Rg7 42. Nd4 e5 43. axb5 cxb5 44. Bd5+ Kc8 45. fxe5 fxe5 46. Qe1 e4 47. c6 Re5 48. cxd7+ Kxd7 49. Bc6+ Kxd6 50. Qb4+ Kc7 51. Rc2 1-0

[Event "Dolakha Tamang Memorial"]
[Site "Dolakha"]
[Date "2023.05.23"]
[Round "9"]
[White "Dahal, Sushrut"]
[Black "Mohit, Kumar Soni"]
[Result "0-1"]
[WhiteElo "1884"]
[BlackElo "1680"]
[PlyCount "132"]
[EventDate "2023.05.19"]
[EventType "swiss"]
[EventRounds "9"]
[EventCountry "NEP"]
[SourceTitle "EXT 2024"]
[Source "ChessBase"]
[SourceDate "2023.10.10"]
[SourceVersion "1"]
[SourceVersionDate "2023.10.10"]
[SourceQuality "1"]

1. d4 Nf6 2. Nc3 c5 3. d5 g6 4. e4 d6 5. Be2 Bg7 6. Nf3 Na6 7. Bxa6 bxa6 8. 0-0 0-0 9. h3 Rb8 10. Rb1 Nd7 11. Bf4 Qa5 12. Qd3 Bxc3 13. Qxc3 Qxc3 14. bxc3 f6 15. Rxb8 Nxb8 16. Nd2 a5 17. Rb1 Ba6 18. Nb3 a4 19. Na5 Rc8 20. Be3 Kf7 21. f4 e6 22. Kf2 f5 23. dxe6+ Kxe6 24. exf5+ gxf5 25. g4 Rg8 26. g5 Rc8 27. h4 Nd7 28. h5 Nb6 29. Re1 Kd7 30. h6 Nd5 31. Bd2 Ne7 32. c4 Ng6 33. Kf3 Rb8 34. Bc3 Re8 35. Rxe8 Kxe8 36. Ke3 Kd7 37. Bd2 Kc7 38. a3 Bc8 39. Bc3 Be6 40. Bd2 Kb6 41. Bc3 Bf7 42. Bd2 Nf8 43. Kd3 Ne6 44. Ke3 Nd4 45. Kd3 Bh5 46. Bc3 Ne6 47. Ke3 Nf8 48. Bd2 Bd1 49. Bc3 Ng6 50. Bd2 Bxc2 51. Bc3 Be4 52. Bd2 Kc7 53. Bc3 Kb6 54. Be1 Bc2 55. Bc3 Bd1 56. Bd2 Bh5 57. Bc3 Nf8 58. Bf6 Kxa5 59. Be7 Ne6 60. Bxd6 Kb6 61. Be5 Kc6 62. Kd3 Bf7 63. Kc3 Nd8 64. Kd3 Nb7 65. Kc3 Nd6 66. Bf6 Ne4+ 0-1

[Event "Dolakha Tamang Memorial"]
[Site "Dolakha"]
[Date "2023.05.22"]
[Round "8"]
[White "Priyanshu, Barua"]
[Black "Dahal, Sushrut"]
[Result "1/2-1/2"]
[WhiteElo "1585"]
[BlackElo "1884"]
[PlyCount "91"]
[EventDate "2023.05.19"]
[EventType "swiss"]
[EventRounds "9"]
[EventCountry "NEP"]
[SourceTitle "EXT 2024"]
[Source "ChessBase"]
[SourceDate "2023.10.10"]
[SourceVersion "1"]
[SourceVersionDate "2023.10.10"]
[SourceQuality "1"]

1. e4 c5 2. Nc3 a6 3. f4 b5 4. Nf3 Bb7 5. d4 cxd4 6. Qxd4 Nc6 7. Qf2 e6 8. Bd3 Bb4 9. Be3 Ba5 10. 0-0 Nf6 11. h3 Nb4 12. g4 d5 13. e5 Nxd3 14. cxd3 Nd7 15. f5 0-0 16. d4 exf5 17. gxf5 f6 18. Ne2 fxe5 19. dxe5 Rxf5 20. Ned4 Rh5 21. Qg3 Qe8 22. e6 Nf8 23. Qg4 Bc8 24. Ng5 Rxg5 25. Qxg5 Bxe6 26. Rf3 Bb4 27. Raf1 Bd6 28. Bf4 Bc5 29. Be3 Qd7 30. Nxe6 Bxe3+ 31. Qxe3 Nxe6 32. Qe5 Rd8 33. Re1 Nf8 34. Rd3 d4 35. Re4 Qc6 36. Rexd4 Qc1+ 37. Kf2 Qxb2+ 38. Rd2 Qxd2+ 39. Rxd2 Rxd2+ 40. Ke3 Rd7 41. Qb8 Re7+ 42. Kf3 Re6 43. Qc8 Kf7 44. h4 Ng6 45. h5 Ne7 46. Qc7 1/2-1/2

[Event "Dolakha Tamang Memorial"]
[Site "Dolakha"]
[Date "2023.05.21"]
[Round "6"]
[White "Aniket, Narayan Biswas"]
[Black "Dahal, Sushrut"]
[Result "1-0"]
[WhiteElo "1451"]
[BlackElo "1884"]
[PlyCount "95"]
[EventDate "2023.05.19"]
[EventType "swiss"]
[EventRounds "9"]
[EventCountry "NEP"]
[SourceTitle "EXT 2024"]
[Source "ChessBase"]
[SourceDate "2023.10.10"]
[SourceVersion "1"]
[SourceVersionDate "2023.10.10"]
[SourceQuality "1"]

1. e4 c5 2. Nf3 e6 3. d4 cxd4 4. Nxd4 a6 5. c4 Qc7 6. Nc3 Nf6 7. a3 Be7 8. Be3 d6 9. Be2 0-0 10. 0-0 b6 11. Qd2 Bb7 12. f3 Nbd7 13. Rfc1 Rac8 14. a4 Qb8 15. b4 Bd8 16. Nb3 Bc7 17. g3 Rfd8 18. a5 Qa8 19. b5 Nc5 20. Nxc5 bxc5 21. b6 Bb8 22. Bg5 d5 23. Bxf6 gxf6 24. cxd5 Be5 25. Rab1 Qb8 26. Bc4 Qd6 27. Rd1 Bd4+ 28. Kg2 e5 29. Ne2 Kh8 30. g4 Rg8 31. Ng3 Qd7 32. h4 Rg6 33. h5 Rg5 34. Nf5 Rcg8 35. Qe2 Ra8 36. Rbc1 Qa4 37. Nd6 Qd7 38. Nf5 Qa4 39. Qa2 Qd7 40. Bd3 Rag8 41. Qe2 Rxf5 42. exf5 Qxd5 43. Be4 Qd7 44. Rxc5 Bxe4 45. Qxe4 Rd8 46. Qc6 Qe7 47. Rd5 Rg8 48. Rd7 1-0

[Event "Dolakha Tamang Memorial"]
[Site "Dolakha"]
[Date "2023.05.21"]
[Round "4"]
[White "Mohit, Kumar Soni"]
[Black "Dahal, Sushrut"]
[Result "1-0"]
[WhiteElo "1680"]
[BlackElo "1884"]
[PlyCount "39"]
[EventDate "2023.05.19"]
[EventType "swiss"]
[EventRounds "9"]
[EventCountry "NEP"]
[SourceTitle "EXT 2024"]
[Source "ChessBase"]
[SourceDate "2023.10.10"]
[SourceVersion "1"]
[SourceVersionDate "2023.10.10"]
[SourceQuality "1"]

1. e4 c5 2. Nc3 Nc6 3. Bb5 Nd4 4. Nf3 g6 5. 0-0 a6 6. Bd3 Bg7 7. Nxd4 cxd4 8. Ne2 e6 9. c3 dxc3 10. dxc3 Ne7 11. Be3 0-0 12. Qb3 d5 13. Rfd1 b5 14. a4 Bd7 15. axb5 axb5 16. Rxa8 Qxa8 17. Bc5 Re8 18. Bxb5 Rb8 19. c4 dxc4 20. Qe3 1-0

[Event "Belt and Road Hunan op-C"]
[Site "Changsha"]
[Date "2019.08.01"]
[Round "6"]
[White "Dahal, Sushrut"]
[Black "Chen, Yuan"]
[Result "1-0"]
[WhiteElo "1819"]
[BlackElo "1594"]
[PlyCount "69"]
[EventDate "2019.07.29"]
[EventType "swiss"]
[EventRounds "9"]
[EventCountry "CHN"]
[SourceTitle "EXT 2020"]
[Source "ChessBase"]
[SourceDate "2019.10.17"]
[SourceVersion "1"]
[SourceVersionDate "2019.10.17"]
[SourceQuality "1"]

1. e4 c5 2. Nc3 Nc6 3. g3 e6 4. Bg2 Nf6 5. f4 d5 6. e5 Nd7 7. Nf3 Nb6 8. d3 Bd7 9. 0-0 a6 10. Bd2 Qc7 11. Ne2 f6 12. Re1 0-0-0 13. a4 d4 14. c4 h5 15. Nc1 a5 16. Nh4 Na8 17. Bxc6 Bxc6 18. exf6 gxf6 19. Rxe6 Rg8 20. Rxc6 Qxc6 21. Bxa5 Re8 22. Bd2 Nc7 23. Qf3 Qxf3 24. Nxf3 Bd6 25. Kf2 Ne6 26. Nh4 Ng7 27. b4 b6 28. Nb3 Re6 29. b5 Rge8 30. Nc1 Bc7 31. Kf3 Kb7 32. h3 Rh8 33. Nb3 Rd8 34. a5 bxa5 35. Nxc5+ 1-0